000 01122nam a2200217 i 4500
001 183766
003 ES-MaACL
005 20231206063300.0
008 141013s1879 sp |||| | spa d
080 _a656.2.071:331.109.32(73)
100 1 _aAguilar y Correa, Antonio,
_cMarqués de la Vega de Armijo,
_d1824-1908
_918751
245 1 3 _aLa huelga en los ferro-carriles de los Estados Unidos de la América del Norte en 1877 /
_cestudio hecho por el Marqués de la Vega de Armijo sobre dos artículos ... leídos en la Real Academia de Ciencias Morales y Políticas en las sesiones del 14, 21 y 28 de enero y 4 de febrero de 1879.
260 _aMadrid :
_bImp. y Librería de Eduardo Martínez,
_c1879.
300 _a93 p. ;
_c20 cm.
530 _aDisponible en formato digital.
650 4 _aTransportes ferroviarios-
_xPersonal-
_xHuelgas-
_zEstados Unidos.
_9155702
710 2 _aReal Academia de Ciencias Morales y Políticas (España)
_9222050
852 _aES-MaACL
_jT-302-F-3
856 4 1 _uhttp://bdh-rd.bne.es/viewer.vm?id=0000144441&page=1
_zBiblioteca Digital Hispánica
999 _c183766
_d183766